000 01490nam a2200241Ia 4500
003 Ost
005 20260507075254.0
008 260507s9999||||xx |||||||||||||| ||und||
040 _cfsecg
041 _aara
082 _a330
100 _aالعالم، فتحي احمد يحي
_eمؤلف
245 0 _aنظام ادارة الجودة الشاملة و المواصفات العالمية :
_bدراسة علمية و تطبيقية /
_c فتحي احمد يحي العالم
260 _aعمان:
_bدار اليازوري,
_c2010
300 _a250 صفحة؛
_bإيضاحات ؛
_c24 سم
504 _aمراجع ص.249
520 _aالتقييس و المواصفات ، الجودة و ادارة الجودة الشاملة ، مبادئ و مقاييس أنظمة الجودة العالية ، التطبيق العلمي لمواصفات الجودة القياسية الدولية ، الدليل الارشادي للجودة ، المواصفات القياسية الدولية لادارة البيئة مجموعة الايزو 14000، لجان أو دوائر الجودة و متطلبات تطبيقها ، التدقيق على الجودة ، التدقيق الخارجي و الحصول على شهادات الجودة و مراحل الحصول على شهادة الجودة ISO 9000 .
653 _aالإيزو
653 _aالتقييس
653 _aالمواصفات القياسية
653 _aضبط الجودة
942 _cكتاب
999 _c43720
_d43720